• 首页
  • 本馆介绍
  • 公告通知
  • 最新文献
  • 馆藏检索
  • 电子资源
  • 读者导购
  • 参考咨询
  • 我的图书馆
  • 登录
  • 详细信息显示
  • 放入我的书架
  • 预约/预借图书
  • 作者相关作品
  • 分类相关作品
  • 丛书相关作品
  • 出版社相关作品

书目信息

  • 表格格式
  • 工作单格式
  • 卡片格式
题名:
色彩风景作品集
    
 
作者: 陈敬良 著
分册:  
出版信息: 北京   中国电力出版社  2008.08
页数: 101页
开本: 19cm
丛书名:
单 册:
中图分类: J225
科图分类:
主题词: 水粉画--作品--中国
电子资源:
ISBN: 978-7-5083-7585-4
000 00585nam0 2200193 450
001 0835054997
005 20081212144346.11
010    @a978-7-5083-7585-4@dCNY48.00
100    @a20081212d2008 km y0chiy0120 ea
101 0  @achi
200 1  @a色彩风景作品集@Ase cai feng jing zuo pin ji@e心灵独白@f陈敬良著@Fchen jing liang zhu
210    @a北京@c中国电力出版社@d2008.08
215    @a101页@d19cm
517 1  @a心灵独白@Axin ling du bai
606 0  @a水粉画@x作品@y中国
690    @aJ225@v4
701  0 @a陈敬良@Achen jing liang@4著
801  0 @aCN@bNISOFT@c20081212
905    @aBZT@dJ225@e2@f5
    
    色彩风景作品集:心灵独白/陈敬良著.-北京:中国电力出版社,2008.08
    101页;19cm
    
    
    ISBN 978-7-5083-7585-4:CNY48.00
    
●
相关链接 在五车中查询图书 在当当中查询图书 在豆瓣中查询图书


正题名:色彩风景作品集     索取号:J225/2         预约/预借

序号 登录号 条形码 馆藏地/架位号 状态 备注
1 0690122   2000690122   样本书库/样002架B面2层2列/ [索取号:J225/2] 在馆    
2 0690123   2000690123   中心书库中库/ 中库017架B面3列6层7/ [索取号:J225/2] 在馆    
3 0690124   2000690124   中心书库中库/ 中库017架B面3列6层5/ [索取号:J225/2] 在馆    
4 0690125   2000690125   中心书库中库/ 中库017架B面3列6层6/ [索取号:J225/2] 在馆    
5 0690126   2000690126   中心书库中库/ 中库017架B面3列6层4/ [索取号:J225/2] 在馆    
山东省滨州职业学院图书馆 欢迎您!
大连网信软件有限公司© 版权所有